Modern literary theory: a comparative introduction

Αποθηκεύτηκε σε:
Λεπτομέρειες βιβλιογραφικής εγγραφής
Κύριοι συγγραφείς: Jefferson, Ann (Συγγραφέας), Robey, David (Συγγραφέας)
Μορφή: Βιβλίο
Γλώσσα:Αγγλικά
Έκδοση: Lyndhurst Barner and Noble Books 1984
Θέματα:
Ετικέτες: Προσθήκη ετικέτας
Δεν υπάρχουν, Καταχωρήστε ετικέτα πρώτοι!

MARC

LEADER 00000nam a2200000 a 4500
001 UCW0280
003 CL-VaPUC
008 921030e19840000US |||||||||||||||||eng|d
082 0 4 |a 801.95  |b JEF  |2 21 
100 0 |a Jefferson, Ann  |e author  |9 304225 
700 0 |a Robey, David  |e author  |9 304226 
245 1 0 |a Modern literary theory: a comparative introduction 
300 |a 186 p 
942 |c BK 
945 |d 19921030 00:00:00 
260 |a Lyndhurst  |b Barner and Noble Books  |c 1984 
650 0 |a Crítica literaria   |9 269189 
650 7 |a FORMALISMO LITERATURA RUSA  |2 CL-VaPUC  |9 269394 
650 0 |a Literatura  |9 259151 
650 0 |a Historia y crítica   |9 257407 
583 |a last modification  |c 20120720 11:24:20  |k Rodrigo Vera 
999 |c 215494  |d 215492 
952 |0 0  |1 0  |4 0  |6 801_950000000000000_JEF_1984  |7 0  |8 A  |9 199823  |a BIBART  |b BIBART  |d 2019-11-14  |i 2670968  |o 801.95 JEF 1984  |p 2670968  |r 2025-03-13  |w 2019-11-14  |y BK  |k ART